[Event "Cochabamba Hurtado Memorial"]
[Site "Cochabamba"]
[Date "2023.08.06"]
[Round "5"]
[White "Arias, Pablo"]
[Black "Sustach, Marcos Antonio"]
[Result "1-0"]
[WhiteElo "1987"]
[BlackElo "2162"]
[PlyCount "73"]
[EventDate "2023.08.04"]
[EventType "swiss"]
[EventRounds "7"]
[EventCountry "BOL"]
[SourceTitle "CBM 215 Extra"]
[Source "ChessBase"]
[SourceDate "2023.09.30"]
[SourceVersion "1"]
[SourceVersionDate "2023.09.30"]
[SourceQuality "1"]

1. e4 c5 2. Nf3 Nc6 3. d4 cxd4 4. Nxd4 Nf6 5. Nc3 e5 6. Ndb5 d6 7. Bg5 a6 8. Na3 b5 9. Nd5 Be7 10. Bxf6 Bxf6 11. c3 Ne7 12. Nxe7 Bxe7 13. Nc2 Bb7 14. Qg4 Bg5 15. h4 Bh6 16. Qf3 0-0 17. g4 Bf4 18. Bg2 f5 19. gxf5 Rxf5 20. Qe2 Rf6 21. Ne3 Bxe3 22. fxe3 Qb6 23. Rh3 Raf8 24. Rg3 Kh8 25. 0-0-0 b4 26. c4 b3 27. a3 a5 28. Kb1 Rf2 29. Qg4 Qc7 30. Rc1 Qf7 31. h5 Ba6 32. Bh3 Bc8 33. Qh4 Rh2 34. h6 g6 35. Ka1 Qf2 36. Rb1 Qc2 37. Rgg1 1-0

[Event "La Paz Tricolor op"]
[Site "La Paz"]
[Date "2021.08.08"]
[Round "5"]
[White "Coronel, Carlos"]
[Black "Sustach, Marcos Antonio"]
[Result "0-1"]
[WhiteElo "1668"]
[BlackElo "2174"]
[PlyCount "86"]
[EventDate "2021.08.06"]
[EventType "swiss"]
[EventRounds "6"]
[EventCountry "BOL"]
[SourceTitle "EXT 2022"]
[Source "ChessBase"]
[SourceDate "2021.10.06"]
[SourceVersion "1"]
[SourceVersionDate "2021.10.06"]
[SourceQuality "1"]

1. d4 Nf6 2. Bf4 d5 3. e3 Bf5 4. Bd3 Bxd3 5. Qxd3 e6 6. Nd2 c6 7. Ngf3 Bd6 8. Bxd6 Qxd6 9. c3 0-0 10. 0-0 Nbd7 11. e4 dxe4 12. Nxe4 Nxe4 13. Qxe4 Rfe8 14. Rad1 h6 15. Rfe1 Rad8 16. h3 Nf6 17. Qe5 Qd7 18. Rd2 b5 19. a3 a5 20. a4 Nd5 21. axb5 cxb5 22. Rde2 Rc8 23. Nd2 Red8 24. Re4 Qd6 25. Qh5 Nf6 26. Qh4 Nxe4 27. Nxe4 Qd5 28. Nc5 Qc4 29. Re3 Qd5 30. Re5 Qa2 31. Re3 Qxb2 32. Rg3 Qc1+ 33. Kh2 Rd5 34. Qe7 Qf4 35. Nxe6 Qd6 36. Qxd6 Rxd6 37. Nxg7 Rg6 38. Nf5 Rxg3 39. fxg3 Rxc3 40. d5 Rd3 41. Kg1 Kf8 42. d6 a4 43. Kf2 a3 0-1

[Event "La Paz Adalp Cup"]
[Site "La Paz"]
[Date "2017.03.15"]
[Round "10"]
[White "Accinelli, Javier"]
[Black "Sustach, Marcos Antonio"]
[Result "0-1"]
[WhiteElo "2044"]
[BlackElo "2179"]
[PlyCount "54"]
[EventDate "2017.02.20"]
[EventType "tourn"]
[EventRounds "11"]
[EventCountry "BOL"]
[SourceTitle "CBM 177 Extra"]
[Source "ChessBase"]
[SourceDate "2017.04.27"]
[SourceVersion "1"]
[SourceVersionDate "2017.04.27"]
[SourceQuality "1"]

1. e4 c5 2. Nf3 e6 3. d4 cxd4 4. Nxd4 Nf6 5. Nc3 Bb4 6. Bd3 Qc7 7. Bd2 a6 8. 0-0 Nc6 9. Nxc6 bxc6 10. a3 Bd6 11. f4 e5 12. Qf3 Bb7 13. Kh1 h5 14. Ne2 h4 15. b4 h3 16. g4 0-0-0 17. c4 exf4 18. Bxf4 c5 19. Nc3 Bxf4 20. Qxf4 Qxf4 21. Rxf4 Rh4 22. Raf1 cxb4 23. axb4 Rxg4 24. Rxg4 Nxg4 25. Rxf7 Ne5 26. Rxg7 Nxd3 27. Rg3 Rf8 0-1

[Event "La Paz Adalp Cup"]
[Site "La Paz"]
[Date "2017.02.20"]
[Round "1"]
[White "Parraga, Alejandro"]
[Black "Sustach, Marcos Antonio"]
[Result "1/2-1/2"]
[WhiteElo "2135"]
[BlackElo "2179"]
[PlyCount "97"]
[EventDate "2017.02.20"]
[EventType "tourn"]
[EventRounds "11"]
[EventCountry "BOL"]
[SourceTitle "CBM 177 Extra"]
[Source "ChessBase"]
[SourceDate "2017.04.27"]
[SourceVersion "1"]
[SourceVersionDate "2017.04.27"]
[SourceQuality "1"]

1. Nf3 Nf6 2. c4 c5 3. Nc3 Nc6 4. g3 g6 5. Bg2 Bg7 6. d4 cxd4 7. Nxd4 0-0 8. 0-0 Nxd4 9. Qxd4 d6 10. Qd3 Qc7 11. Rb1 a6 12. Bg5 Be6 13. b3 Rac8 14. Rbc1 h6 15. Bd2 Rb8 16. Rfd1 Rfc8 17. Nd5 Bxd5 18. cxd5 Qd7 19. h3 Rxc1 20. Rxc1 Rc8 21. Rc4 Rxc4 22. Qxc4 Ne8 23. Ba5 f5 24. e3 Nf6 25. a4 Nh7 26. Kh2 Ng5 27. f4 Nh7 28. e4 g5 29. Qc2 gxf4 30. gxf4 Bd4 31. Qd3 Bb2 32. exf5 Nf6 33. Qg3+ Kf8 34. Qg6 Ng8 35. Qe6 Qe8 36. Qe2 Bd4 37. Bf3 Nf6 38. Qd2 Ba1 39. Bb6 Qc8 40. Qd3 Qc1 41. Kg3 Bc3 42. Bf2 Bd2 43. Qc4 Qb2 44. Qc8+ Kf7 45. Qe6+ Kf8 46. Qc8+ Kf7 47. Qe6+ Kf8 48. Qc8+ Kf7 49. Qe6+ 1/2-1/2

[Event "BOL-ch"]
[Site "La Paz"]
[Date "2016.02.11"]
[Round "1"]
[White "Meza Crespo, Dario"]
[Black "Sustach, Marcos Antonio"]
[Result "0-1"]
[WhiteElo "1613"]
[BlackElo "2214"]
[PlyCount "110"]
[EventDate "2016.02.11"]
[EventType "swiss"]
[EventRounds "7"]
[EventCountry "BOL"]
[SourceTitle "CBM 171 Extra"]
[Source "ChessBase"]
[SourceDate "2016.04.26"]
[SourceVersion "1"]
[SourceVersionDate "2016.04.26"]
[SourceQuality "1"]

1. e4 c5 2. Nf3 e6 3. c4 Nc6 4. d4 cxd4 5. Nxd4 Nf6 6. Nc3 Qc7 7. Be3 a6 8. Be2 Bb4 9. 0-0 Bxc3 10. bxc3 Nxe4 11. Qc2 f5 12. f3 Nf6 13. Nb3 0-0 14. Rad1 d6 15. c5 d5 16. c4 Bd7 17. Bf2 Ne7 18. Rfe1 Rae8 19. Qd2 Bc6 20. Nd4 Ng6 21. Bf1 Bd7 22. cxd5 exd5 23. Bd3 Qc8 24. Qb4 Ne5 25. Bc2 Nc6 26. Nxc6 Bxc6 27. Bg3 g6 28. Bd6 Rxe1+ 29. Rxe1 Re8 30. Bb3 Re6 31. Qc3 Qe8 32. Rxe6 Qxe6 33. Qe5 Kf7 34. Kf2 Qxe5 35. Bxe5 Nd7 36. Bd4 Ke6 37. Ke3 Bb5 38. h4 Bc4 39. Kf4 Nb8 40. Ba4 Bxa2 41. h5 Nc6 42. Bxc6 bxc6 43. Kg5 gxh5 44. Kxh5 a5 45. Kh6 Bb1 46. f4 Kd7 47. Kg7 Kc7 48. Kf6 Kb7 49. Ke6 Ka6 50. Kd6 Kb5 51. Be5 a4 52. Bb2 Be4 53. g3 Kc4 54. Kxc6 d4+ 55. Kd6 d3 0-1

[Event "La Paz op 2nd"]
[Site "La Paz"]
[Date "2014.11.16"]
[Round "7"]
[White "Sustach, Marcos Antonio"]
[Black "Quispe Santacruz, Javier"]
[Result "1/2-1/2"]
[WhiteElo "2227"]
[BlackElo "2037"]
[PlyCount "50"]
[EventDate "2014.11.13"]
[EventType "swiss"]
[EventRounds "7"]
[EventCountry "BOL"]
[SourceTitle "CBM 163 Extra"]
[Source "ChessBase"]
[SourceDate "2014.12.23"]
[SourceVersion "1"]
[SourceVersionDate "2014.12.23"]
[SourceQuality "1"]

1. e4 d6 2. Nc3 g6 3. Bc4 Bg7 4. d3 c6 5. f4 Nd7 6. Nf3 Ngf6 7. 0-0 0-0 8. Kh1 b5 9. Bb3 Nc5 10. Be3 Nxb3 11. axb3 a6 12. b4 Bb7 13. Qe1 Qc7 14. Qh4 c5 15. bxc5 dxc5 16. Ne2 c4 17. Rfd1 Rfd8 18. Bd4 h6 19. Be5 Qb6 20. Bd4 Qc7 21. Be5 Qc8 22. h3 cxd3 23. cxd3 Re8 24. Bc3 Qc7 25. Be5 Qb6 1/2-1/2

[Event "La Paz op 2nd"]
[Site "La Paz"]
[Date "2014.11.15"]
[Round "6"]
[White "Cueto Chajtur, Johny"]
[Black "Sustach, Marcos Antonio"]
[Result "1/2-1/2"]
[WhiteElo "2275"]
[BlackElo "2227"]
[PlyCount "50"]
[EventDate "2014.11.13"]
[EventType "swiss"]
[EventRounds "7"]
[EventCountry "BOL"]
[SourceTitle "CBM 163 Extra"]
[Source "ChessBase"]
[SourceDate "2014.12.23"]
[SourceVersion "1"]
[SourceVersionDate "2014.12.23"]
[SourceQuality "1"]

1. e4 c5 2. Nf3 e6 3. c3 d5 4. e5 Nc6 5. d4 Qb6 6. a3 cxd4 7. cxd4 Nge7 8. Nc3 Nf5 9. Na4 Qd8 10. b4 Be7 11. Bb2 0-0 12. Rc1 f6 13. Bd3 fxe5 14. dxe5 Bd7 15. Nc5 Bxc5 16. Rxc5 Be8 17. h3 Bg6 18. 0-0 Nh4 19. Nxh4 Bxd3 20. Qxd3 Qxh4 21. b5 Na5 22. Bc1 Rf7 23. Rc2 Raf8 24. Be3 b6 25. f4 Nc4 1/2-1/2

[Event "Santa Cruz Mario Dario Lopez"]
[Site "Santa Cruz"]
[Date "2008.03.23"]
[Round "6"]
[White "Sustach, Marcos Antonio"]
[Black "Campero, Ronald"]
[Result "0-1"]
[WhiteElo "2254"]
[BlackElo "2262"]
[PlyCount "84"]
[EventDate "2008.03.20"]
[EventType "tourn"]
[EventRounds "11"]
[EventCountry "BOL"]
[EventCategory "4"]
[SourceTitle "CBM 123 Extra"]
[Source "ChessBase"]
[SourceDate "2008.05.06"]
[SourceVersion "1"]
[SourceVersionDate "2008.05.06"]
[SourceQuality "1"]

1. c4 c6 2. Nf3 d5 3. b3 Bf5 4. Bb2 e6 5. d3 Nf6 6. Nbd2 Nbd7 7. g3 h6 8. Bg2 Be7 9. 0-0 0-0 10. Rc1 Re8 11. Rc2 Bf8 12. Qa1 a5 13. a3 Qb6 14. Ne5 Rad8 15. h3 Nxe5 16. Bxe5 d4 17. Nf3 c5 18. b4 Rd7 19. bxc5 Bxc5 20. Rb1 Qa7 21. Rcb2 Red8 22. Bf4 g5 23. Bd2 b6 24. Ne5 Kh7 25. Nxd7 Nxd7 26. Rb5 Qc7 27. Bc1 Qe5 28. Kf1 Bg6 29. a4 f5 30. Ba3 Bh5 31. R1b2 g4 32. Bxc5 Nxc5 33. Rxb6 f4 34. hxg4 Bxg4 35. gxf4 Qxf4 36. Rc6 Rf8 37. Qe1 Qh2 38. Qxa5 Rxf2+ 39. Kxf2 Qf4+ 40. Bf3 Nxd3+ 41. Kf1 Bh3+ 42. Kg1 Qg3+ 0-1

[Event "Santa Cruz Mario Dario Lopez"]
[Site "Santa Cruz"]
[Date "2008.03.22"]
[Round "5"]
[White "Ferrufino, Boris"]
[Black "Sustach, Marcos Antonio"]
[Result "1-0"]
[WhiteElo "2199"]
[BlackElo "2254"]
[PlyCount "89"]
[EventDate "2008.03.20"]
[EventType "tourn"]
[EventRounds "11"]
[EventCountry "BOL"]
[EventCategory "4"]
[SourceTitle "CBM 123 Extra"]
[Source "ChessBase"]
[SourceDate "2008.05.06"]
[SourceVersion "1"]
[SourceVersionDate "2008.05.06"]
[SourceQuality "1"]

1. d4 Nf6 2. Nf3 e6 3. Nbd2 d5 4. e3 c5 5. c3 cxd4 6. exd4 Bd6 7. Bd3 Nbd7 8. 0-0 0-0 9. Re1 Rb8 10. a4 Qc7 11. Qe2 Re8 12. Ne5 Nf8 13. Ndf3 N6d7 14. Ng5 f5 15. Ngf3 Nf6 16. c4 N8d7 17. c5 Bxe5 18. Nxe5 g6 19. Qf3 Nxe5 20. Rxe5 Bd7 21. Bf4 Qa5 22. Re2 Rbc8 23. Bd2 Qc7 24. b4 b6 25. Bf4 Qb7 26. Be5 Ng4 27. Bd6 bxc5 28. bxc5 Qb4 29. Qf4 Qc3 30. Rd1 Bxa4 31. Qc1 Qxd4 32. Rdd2 Qg7 33. h3 Nh6 34. Be5 Qf8 35. Ra2 Rxc5 36. Qf4 Bb5 37. Bd6 Qg7 38. Bxc5 Bxd3 39. Bd4 Qf8 40. Re3 Bc4 41. Rxa7 Nf7 42. Qh4 e5 43. Rxe5 Rxe5 44. Bxe5 Qe8 45. Qf6 1-0

[Event "Santa Cruz Mario Dario Lopez"]
[Site "Santa Cruz"]
[Date "2008.03.21"]
[Round "3"]
[White "Trois, Francisco R Torres"]
[Black "Sustach, Marcos Antonio"]
[Result "1-0"]
[WhiteElo "2352"]
[BlackElo "2254"]
[PlyCount "47"]
[EventDate "2008.03.20"]
[EventType "tourn"]
[EventRounds "11"]
[EventCountry "BOL"]
[EventCategory "4"]
[SourceTitle "CBM 123 Extra"]
[Source "ChessBase"]
[SourceDate "2008.05.06"]
[SourceVersion "1"]
[SourceVersionDate "2008.05.06"]
[SourceQuality "1"]

1. d4 Nf6 2. Nf3 e6 3. g3 b6 4. Bg2 Bb7 5. c4 Bb4+ 6. Bd2 Be7 7. 0-0 c5 8. d5 exd5 9. Nh4 Qc8 10. cxd5 Nxd5 11. Nf5 Bf8 12. e4 Nc7 13. Bf4 g6 14. Nd6+ Bxd6 15. Qxd6 Ne6 16. Be5 Rg8 17. Bf6 Nc6 18. Nc3 Qb8 19. Qd2 Ncd4 20. f4 Qd6 21. Rad1 Nd8 22. Be5 Qe7 23. Nd5 Bxd5 24. exd5 1-0

[Event "BOL-ch"]
[Site "Santa Cruz"]
[Date "2004.08.15"]
[Round "9"]
[White "Sustach, Marcos Antonio"]
[Black "Andrade, Marko"]
[Result "1-0"]
[WhiteElo "2303"]
[BlackElo "2175"]
[PlyCount "93"]
[EventDate "2004.08.11"]
[EventType "tourn"]
[EventRounds "11"]
[EventCountry "BOL"]
[SourceTitle "CBM 101 Extra"]
[Source "ChessBase"]
[SourceDate "2004.09.01"]
[SourceVersion "2"]
[SourceVersionDate "2004.09.01"]
[SourceQuality "1"]

1. e4 c5 2. Nc3 Nc6 3. f4 d6 4. Bb5 Bd7 5. Nf3 g6 6. d3 Bg7 7. Bxc6 Bxc6 8. 0-0 e6 9. Qe1 Ne7 10. Rb1 b6 11. Bd2 0-0 12. Qh4 f6 13. g4 d5 14. e5 Qd7 15. exf6 Bxf6 16. Ng5 Nc8 17. Rbe1 Nd6 18. Qh6 Rae8 19. Re2 Re7 20. h3 Rfe8 21. Rfe1 Nb5 22. Nxb5 Bxb5 23. Bc3 d4 24. Bd2 Bc6 25. Ne4 Bg7 26. Qh4 Bd5 27. b3 Rf8 28. Rf1 Bh8 29. Rff2 Ref7 30. Qg3 Qc7 31. Ng5 Re7 32. Kf1 Bf6 33. Ne4 Bh8 34. Ke1 Bg7 35. Kd1 b5 36. h4 c4 37. Bb4 c3 38. h5 Rfe8 39. hxg6 Bxe4 40. Rxe4 Rd7 41. gxh7+ Kh8 42. Rfe2 Bf8 43. Rxe6 Rxe6 44. Rxe6 Qd8 45. Bxf8 Qxf8 46. f5 Re7 47. Qe5+ 1-0

[Event "BOL-ch"]
[Site "Santa Cruz"]
[Date "2004.08.12"]
[Round "3"]
[White "Campero, Ronald"]
[Black "Sustach, Marcos Antonio"]
[Result "1-0"]
[WhiteElo "2188"]
[BlackElo "2303"]
[PlyCount "81"]
[EventDate "2004.08.11"]
[EventType "tourn"]
[EventRounds "11"]
[EventCountry "BOL"]
[SourceTitle "CBM 101 Extra"]
[Source "ChessBase"]
[SourceDate "2004.09.01"]
[SourceVersion "2"]
[SourceVersionDate "2004.09.01"]
[SourceQuality "1"]

1. e4 e6 2. d4 d5 3. Nc3 Nf6 4. e5 Nfd7 5. f4 c5 6. Nf3 Nc6 7. Be3 a6 8. Qd2 b5 9. Bd3 Qb6 10. Qf2 g6 11. 0-0 cxd4 12. Nxd4 Nxd4 13. Bxd4 Bc5 14. Ne2 Bb7 15. c3 Bxd4 16. cxd4 Rc8 17. Rad1 b4 18. Ng3 f5 19. Kh1 Kf7 20. Ne2 a5 21. Ng1 Ba6 22. Bxa6 Qxa6 23. Nf3 h6 24. Rc1 Qb6 25. Qh4 Rc4 26. Rxc4 dxc4 27. d5 Qd8 28. dxe6+ Kxe6 29. Qf2 Qb6 30. Qg3 Kf7 31. Rd1 Nf8 32. Rd6 Qc7 33. Nd4 Rh7 34. Rf6+ Ke8 35. Rxf8+ Kxf8 36. Ne6+ Ke8 37. Nxc7+ Rxc7 38. Qxg6+ Kd8 39. Qg8+ Kd7 40. e6+ Ke7 41. Qb8 1-0

[Event "BOL-ch"]
[Site "Santa Cruz"]
[Date "2003.10.11"]
[Round "5.1"]
[White "Sustach, Marcos Antonio"]
[Black "Andrade, Marko"]
[Result "1-0"]
[WhiteElo "2254"]
[BlackElo "2157"]
[PlyCount "101"]
[EventDate "2003.10.09"]
[EventType "tourn"]
[EventRounds "11"]
[EventCountry "BOL"]
[SourceTitle "EXT 2004"]
[Source "ChessBase"]
[SourceDate "2003.11.25"]
[SourceVersion "1"]
[SourceVersionDate "2003.11.25"]
[SourceQuality "1"]

1. e4 c5 2. Nc3 Nc6 3. f4 d6 4. Nf3 g6 5. Bb5 Bg7 6. d3 e6 7. Bxc6+ bxc6 8. 0-0 Ne7 9. Qe1 c4 10. d4 0-0 11. Be3 Rb8 12. Rb1 Qc7 13. Qh4 f5 14. e5 Nd5 15. Nxd5 exd5 16. c3 dxe5 17. fxe5 c5 18. Rf2 cxd4 19. Qxd4 Rb5 20. Rd1 a6 21. Qf4 Re8 22. Bd4 Qb8 23. Rdd2 Be6 24. h4 Re7 25. Rde2 Qf8 26. a4 Bh6 27. Ng5 Ra5 28. Bb6 Rxa4 29. Bc5 Qe8 30. Bxe7 Qxe7 31. Rf1 Bxg5 32. Qxg5 Qxg5 33. hxg5 Ra5 34. Kf2 Rb5 35. Ke3 Kg7 36. g3 h6 37. gxh6+ Kxh6 38. Ra1 a5 39. Rh1+ Kg5 40. Rh8 Kg4 41. Kf2 g5 42. Re8 Rb6 43. Ra8 f4 44. gxf4 gxf4 45. Rf8 Rb7 46. Rf6 Bf5 47. e6 Re7 48. Re5 Be4 49. Rf7 Re8 50. e7 Rh8 51. Rg7+ 1-0

[Event "Santa Cruz op"]
[Site "Santa Cruz"]
[Date "2003.08.06"]
[Round "2"]
[White "Rengel, Mario"]
[Black "Sustach, Marcos Antonio"]
[Result "1/2-1/2"]
[WhiteElo "2082"]
[BlackElo "2254"]
[PlyCount "39"]
[EventDate "2003.08.05"]
[EventType "swiss"]
[EventRounds "9"]
[EventCountry "BOL"]
[SourceTitle "EXT 2004"]
[Source "ChessBase"]
[SourceDate "2003.11.25"]
[SourceVersion "1"]
[SourceVersionDate "2003.11.25"]
[SourceQuality "1"]

1. e4 c5 2. Nf3 e6 3. d4 cxd4 4. Nxd4 a6 5. c4 Nf6 6. Nc3 Bb4 7. Bd3 Nc6 8. Be3 d5 9. exd5 exd5 10. 0-0 Bxc3 11. bxc3 Ne5 12. Bf4 Nxd3 13. Qxd3 0-0 14. Bg5 dxc4 15. Qxc4 Qd5 16. Qxd5 Nxd5 17. c4 Nc7 18. Rab1 Ne6 19. Nxe6 Bxe6 20. Rfe1 1/2-1/2

[Event "Olympiad-35"]
[Site "Bled"]
[Date "2002.10.26"]
[Round "1.3"]
[White "Miton, Kamil"]
[Black "Sustach, Marcos Antonio"]
[Result "1-0"]
[WhiteElo "2564"]
[BlackElo "2225"]
[PlyCount "121"]
[EventDate "2002.10.26"]
[EventType "team-swiss"]
[EventRounds "14"]
[EventCountry "SLO"]
[SourceTitle "EXT 2003"]
[Source "ChessBase"]
[SourceDate "2002.11.25"]
[SourceVersion "1"]
[SourceVersionDate "2002.11.25"]
[SourceQuality "1"]
[WhiteTeam "Poland"]
[BlackTeam "Bolivia"]
[WhiteTeamCountry "POL"]
[BlackTeamCountry "BOL"]

1. d4 d5 2. c4 e6 3. Nf3 c6 4. g3 f5 5. Bg2 Nf6 6. 0-0 Bd6 7. b3 Qe7 8. Bb2 0-0 9. Nbd2 Bd7 10. Qc2 Be8 11. Ne5 Ne4 12. Nxe4 fxe4 13. f3 exf3 14. exf3 Nd7 15. Nd3 Bg6 16. Rae1 Qf7 17. Qd2 Rae8 18. f4 Re7 19. Ne5 Qe8 20. Nxg6 Qxg6 21. Qa5 a6 22. cxd5 cxd5 23. f5 b6 24. Qxa6 Rxf5 25. Rxf5 Qxf5 26. Qc8+ Qf8 27. Qc6 Qb8 28. Bxd5 exd5 29. Rxe7 Bxe7 30. Qxd5+ Kh8 31. Qxd7 Bf6 32. Bc1 h6 33. Be3 Qa8 34. a4 Qe4 35. Qc8+ Kh7 36. Qc3 h5 37. Bf2 Qg4 38. Qd3+ Kh8 39. d5 h4 40. d6 Bd8 41. Kf1 Qh3+ 42. Kg1 Qg4 43. Kg2 h3+ 44. Kf1 Qc8 45. d7 Qc6 46. Qf5 Kg8 47. Ke2 Bf6 48. Qd3 Qe6+ 49. Be3 Qg4+ 50. Kf2 Bd8 51. Qc4+ Qxc4 52. bxc4 Kf7 53. g4 Ke6 54. Kg3 Kxd7 55. Kxh3 Ke6 56. Bd4 g5 57. Kg3 Kd6 58. Kf3 Kc6 59. Ke4 Bc7 60. Kf5 Bf4 61. h4 1-0

[Event "Casa Argentina 3rd"]
[Site "La Paz"]
[Date "2002.06.21"]
[Round "9"]
[White "Vera, Kelver"]
[Black "Sustach, Marcos Antonio"]
[Result "1-0"]
[WhiteElo "2139"]
[BlackElo "2169"]
[PlyCount "43"]
[EventDate "2002.06.15"]
[EventType "tourn"]
[EventRounds "13"]
[EventCountry "BOL"]
[EventCategory "2"]
[SourceTitle "EXT 2003"]
[Source "ChessBase"]
[SourceDate "2002.11.25"]
[SourceVersion "1"]
[SourceVersionDate "2002.11.25"]
[SourceQuality "1"]

1. Nf3 f5 2. d4 e6 3. c4 Nf6 4. Nc3 d5 5. g3 c6 6. Bg2 Bd6 7. 0-0 0-0 8. Bf4 h6 9. Qd2 Ne4 10. Nxe4 fxe4 11. Ne5 g5 12. Be3 Bxe5 13. dxe5 Nd7 14. f3 Nxe5 15. Bc5 Nxc4 16. Qc3 Re8 17. fxe4 b6 18. Rf6 e5 19. Raf1 bxc5 20. Qf3 Bf5 21. Qxf5 Qe7 22. Rf7 1-0

[Event "Casa Argentina 3rd"]
[Site "La Paz"]
[Date "2002.06.19"]
[Round "6"]
[White "Salas Arros, Cristian Eduardo"]
[Black "Sustach, Marcos Antonio"]
[Result "1-0"]
[WhiteElo "2360"]
[BlackElo "2169"]
[PlyCount "53"]
[EventDate "2002.06.15"]
[EventType "tourn"]
[EventRounds "13"]
[EventCountry "BOL"]
[EventCategory "2"]
[SourceTitle "EXT 2003"]
[Source "ChessBase"]
[SourceDate "2002.11.25"]
[SourceVersion "1"]
[SourceVersionDate "2002.11.25"]
[SourceQuality "1"]

1. d4 Nf6 2. c4 c5 3. e3 e6 4. Nf3 cxd4 5. exd4 d5 6. Nc3 Be7 7. cxd5 Nxd5 8. Bd3 Nc6 9. 0-0 Bf6 10. Be4 Nce7 11. Re1 h6 12. Qd3 b6 13. Ne5 Bxe5 14. dxe5 Bb7 15. Nb5 Nc8 16. Qg3 Kf8 17. b3 Qd7 18. Ba3+ Kg8 19. Nd6 Bc6 20. Rac1 Nce7 21. h4 g6 22. h5 Kg7 23. Nxf7 g5 24. Nxh8 Rxh8 25. Bxe7 Nxe7 26. Bxc6 Nxc6 27. Qf3 1-0